000 00572cam a22002053a 4500
001 39450
003 PGUSA
005 20140828083857.0
008 120414s2012||||xxu|||||s|||||000 | eng d
040 _aPGUSA
_beng
042 _adc
100 1 _aTompa, László,
_d1883-1964
245 1 0 _aErdély hegyei közt
_h[electronic resource] /
_cLászló Tompa
260 _bProject Gutenberg,
_c2012
506 _aPublic domain in the USA.
516 _aElectronic text
830 0 _aProject Gutenberg
_v39450
856 4 0 _uhttp://www.gutenberg.org/ebooks/39450
942 _cEB
999 _c268703
_d268703